Vista normal
Vista MARC
Entrada Personal Name
Número de registros utilizados en: 1
001 - CONTROL NUMBER
- control field: 17217
003 - CONTROL NUMBER IDENTIFIER
- control field: DLC
005 - DATE AND TIME OF LATEST TRANSACTION
- control field: 20250617162944.0
008 - FIXED-LENGTH DATA ELEMENTS
- fixed length control field: 140203n| azannaabn n aaa
010 ## - LIBRARY OF CONGRESS CONTROL NUMBER
- LC control number: n 2014006429
040 ## - CATALOGING SOURCE
- Original cataloging agency: DLC
- Language of cataloging: spa
- Description conventions: rda
- Transcribing agency: Mx-PuUPA
- Modifying agency: Mx-PuUPA
046 ## - SPECIAL CODED DATES
- Birth date: 1951
100 1# - HEADING--PERSONAL NAME
- Personal name: Cornille, Didier,
- Dates associated with a name: 1951-
374 ## - OCCUPATION
- Occupation: Autor
375 ## - GENDER
- Gender: hombre
377 ## - ASSOCIATED LANGUAGE
- Language code: eng
670 ## - SOURCE DATA FOUND
- Source citation: Skyscrapers, 2014:
- Information found: CIP t.p. (Didier Cornille)
670 ## - SOURCE DATA FOUND
- Source citation: BnF in VIAF, Feb. 3, 2014
- Information found: (hdg.: Cornille, Didier 1951)